|
|
|
|
| LEADER |
00000cam a2200000 i 4500 |
| 001 |
1/27730 |
| 008 |
960216s1962 uk | ||| |||| ||eng|| |
| 035 |
|
|
|l 10022910
|
| 040 |
|
|
|a GR-MyUA
|b gre
|e AACR2
|
| 041 |
0 |
|
|a eng
|
| 082 |
0 |
|
|a 304.28
|
| 100 |
1 |
|
|a Carson, Rachel
|d 1907-1964.
|
| 245 |
1 |
0 |
|a Silent Spring
|
| 260 |
|
|
|a Harmondsworth :
|b Penguin,
|c 1962.
|
| 300 |
|
|
|a 317 σ.
|
| 650 |
0 |
0 |
|a Environmental protection.
|
| 650 |
0 |
0 |
|a Insecticides
|x Toxicology.
|
| 767 |
0 |
8 |
|i Μεταφρασμένο ως:
|t Σιωπηλή άνοιξη /
|
| 852 |
|
|
|a INST
|b CHIOS
|e 19960216
|h 304.28 CAR
|p 005200000985
|q 005200000985
|t BK
|y 0
|
| 909 |
|
|
|a Χ
|b 001442
|